[Event "FIDE-Wch k.o."]
[Site "Moscow"]
[Date "2001.11.28"]
[Round "1.2"]
[White "Vallejo Pons, Francisco"]
[Black "Savchenko, Stanislav"]
[Result "1-0"]
[WhiteElo "2630"]
[BlackElo "2550"]
[Annotator "Finkel,A"]
[PlyCount "105"]
[EventDate "2001.11.27"]
[EventType "k.o."]
[EventRounds "7"]
[EventCountry "RUS"]
[SourceTitle "CBM 086"]
[Source "ChessBase"]
[SourceDate "2002.02.05"]
[SourceVersion "1"]
[SourceVersionDate "2002.02.05"]
[SourceQuality "1"]

1. e4 e6 2. d4 d5 3. Nc3 Nf6 4. e5 Nfd7 5. f4 c5 6. Nf3 Nc6 7. Be3 cxd4 8. Nxd4
Bc5 9. Qd2 Nxd4 10. Bxd4 Bxd4 11. Qxd4 Qb6 12. Qd2 {White needed to win the
game in order to tie the match and to try to qualify to the second round of
the world champinship in rapid chess, so he keeps queens on the board!} (12.
Qxb6 axb6 13. Nb5 Ke7 14. Bd3 Nc5 15. Kd2 Bd7 16. Nd4 Rhd8 17. Ke3 Rac8 18.
Rac1 $14 {Lipka,J-Bulla,P/Topolcianky 1994/EXT 98}) 12... Nc5 (12... Qxb2 13.
Rb1 Qa3 14. Bb5 (14. Nb5 Qxa2 15. Nd6+ (15. Qb4 a5 $1) 15... Kf8 16. Qb4 $2 (
16. Rc1 $5) 16... a5 $1 $19) 14... Qe7 $15) (12... O-O 13. O-O-O f6 14. exf6
Nxf6 15. Be2 Bd7 16. Bf3 $14 {Krylov,S-Eroes,P/Brno 1998/EXT 99}) 13. O-O-O Bd7
14. Qd4 $5 (14. h4 O-O-O 15. Rh3 d4 16. Nb1 Bc6 17. Na3 Ne4 18. Qe1 Qc5 $13 {
Alonso,S-Ibar,M/ARG 1997/EXT 2001}) 14... a6 (14... a5 15. h4 Qb4 16. Rh3 Qxd4
17. Rxd4 h5 18. Re3 g6 19. b3 Ke7 20. a4 Rac8 $11 {Zontakh,A-Gundersen,H/Eupen
1999/EXT 2000}) 15. h4 O-O-O 16. h5 $5 {The pawn is well placed on h5: once
queens will dispper from the board white will have the opportunity to play h6
to stop black's counterplay on the kingside.} (16. Rh3 Bc6 (16... Kb8 17. f5
Bc8 $13) 17. Ne2 Kb8 18. Rc3 Na4 19. Qxb6 Nxb6 $11 {Kasparov,G-Timman,J/Horgen
1995/CBM 50}) 16... Bc6 17. Rh3 Kc7 18. Ne2 Ne4 19. Qxb6+ Kxb6 20. Nd4 $14 Bd7
(20... Nf2 $5 21. Rb3+ Kc5 22. Rc3+ Kb6 23. Re1 Ne4 24. Rb3+ Kc5 25. c3 $14)
21. Rb3+ Ka7 (21... Kc7 22. Bd3 Nf2 23. Rd2 Nxd3+ 24. cxd3 $14) 22. Bd3 Nc5 23.
Rc3 Kb6 24. Rh1 f6 (24... a5 25. h6 gxh6 (25... g6 26. Kd2 Bc6 27. Ke3 Rdf8 28.
g3 $14) 26. Rxh6 Rdg8 27. Bf1 Rg4 28. Rf3 $14 {[%csl Rf7,Rh7][%cal Gc1e3]}) 25.
Re1 Rdf8 26. g3 f5 27. b4 Na4 $6 {Knight is trapped on a4 so may be black
should have prefered} (27... Ne4 28. Bxe4 dxe4 29. Kd2 Rd8 30. Ke3 $14 {
although even in this case white would keep better prospects.}) 28. Ra3 $16 {
[%csl Ra4]} g6 (28... Re8 29. c4 $1 dxc4 30. Bc2 a5 31. Bxa4 axb4 32. Bxd7 $18)
29. Nxe6 $5 (29. c4 $5 $16) 29... Bxe6 30. Rxa4 gxh5 31. Rh1 Bf7 (31... Rfg8 $1
32. Rxh5 (32. Rh3 h4 33. gxh4 Rg4 $14) 32... Rxg3 33. Ra5 $1 (33. Bxf5 $6 Bxf5
34. Rxf5 h5 $132 {[%csl Ra4]}) 33... Rg4 34. Bxf5 Bxf5 35. Rxf5 h5 36. Rxd5 h4
37. e6 $18) 32. Ra3 $1 {[%csl Gg3]} Be8 33. Be2 Rhg8 34. Kd2 d4 35. Rh3 (35.
Bxh5 $5) 35... Bc6 36. Rxh5 $18 {White is a pawn up and his win is just a
question of time.} Be4 37. Rxh7 Rh8 38. Rh4 $1 Rc8 (38... Rxh4 39. gxh4 Rh8 40.
Rh3 Kc6 41. c3 $18) 39. Bd3 Rhg8 40. g4 $1 Bxd3 41. Rxd3 fxg4 42. Rg3 Rc4 43.
Rhxg4 Rgc8 44. e6 {[%cal Ge6e7,Gf4f7]} Rxc2+ 45. Kd3 R8c4 46. f5 R2c3+ 47. Ke4
Rc1 48. Kd5 Rxb4 49. Rb3 $5 Rc5+ 50. Kd6 Rxb3 51. axb3 Rxf5 52. e7 Rf6+ 53. Ke5
1-0

[Event "Hastings 00 75th"]
[Site "Hastings"]
[Date "2000.01.10"]
[Round "7"]
[White "Lalic, Bogdan"]
[Black "Speelman, Jonathan S"]
[Result "0-1"]
[WhiteElo "2548"]
[BlackElo "2604"]
[Annotator "Finkel,A"]
[PlyCount "58"]
[EventDate "2000.01.04"]
[EventType "tourn"]
[EventRounds "9"]
[EventCountry "ENG"]
[EventCategory "13"]
[SourceTitle "CBM 075"]
[Source "ChessBase"]
[SourceDate "2000.04.05"]
[SourceVersion "1"]
[SourceVersionDate "2000.04.05"]
[SourceQuality "1"]

1. e4 e6 2. d4 d5 3. Nc3 Nf6 4. e5 Nfd7 5. Nce2 c5 6. c3 Nc6 7. f4 Qb6 8. Nf3
Be7 (8... f6 9. a3 a5 10. g3 Be7 11. Bh3 f5 (11... Nf8 12. O-O a4 13. exf6 gxf6
14. f5 cxd4 15. cxd4 $36 {Vasiukov,E-Kaminik,A/WchS 1993}) 12. O-O cxd4 13.
cxd4 Qd8 14. Nc3 Nb6 15. b3 Bd7 16. g4 $5 $14 {Farago,S-Ottstadt,R/Budapest
FS09 IM-B 1995}) 9. g3 a5 $5 {Speelman is famous for his original style and
deep undestanding of chess.This game is another example of this.} (9... f5 10.
Bh3 cxd4 11. cxd4 Ndb8 12. O-O Bd7 13. Rf2 Na6 14. Nc3 O-O-O 15. Rb1 $14 {
Sulskis,S-Schmidt,W/MK Cafe op 1998}) (9... O-O 10. Bh3 cxd4 11. cxd4 Kh8 12.
O-O f6 13. Kh1 Nd8 14. Nc3 Qc6 15. Be3 $14 {Ribeiro,F-Vitor,A/POR-ch 1996}) 10.
h4 a4 11. Bh3 Ndb8 {Intersesting idea:black totally neglects his kingside,
starting an active play on the queenside.It's clear that with accurate play
white could get an advantage,but the character of the game is different,than
in main lines and white doesn't find the right way.} 12. h5 cxd4 13. cxd4 (13.
Nexd4 $5 Bd7 14. O-O Na6 15. Qe2 Nc5 16. Be3 Nxd4 17. Nxd4 $14) 13... Bd7 14.
O-O Na5 15. Nc3 Nc4 16. f5 $5 (16. Rf2 O-O 17. g4) 16... Nxb2 17. Qe2 {[%cal
Ge2e8]} (17. Qc2 $6 Nc4 18. fxe6 Bxe6 (18... fxe6 19. Rb1 Qa7 20. Qd3 O-O (
20... Nc6 21. Nb5 Qa5 22. Na3 $1 $13) 21. Bg5 Rxf3 22. Qxf3 Qxd4+ 23. Kh1 Nxe5
24. Qf4 $13) 19. Nxa4 Qc6 20. Bxe6 fxe6 21. Nc3 O-O $15) 17... a3 18. f6 $5 (
18. Rb1 Nc6 19. Qf2 $13) 18... gxf6 19. exf6 Bd6 {So far white played very
energatically,but at this moment he loses a thread.} 20. Bh6 $6 {Better was} (
20. Nxd5 {[%cal Ge2e8]} Qb5 {[%cal Gb5d5,Gb5e2]} (20... Qa5 $5) 21. Nf4 Bxf4
22. Qxb5 Bxb5 23. Bxf4 Bxf1 24. Rxf1 $44 {[%cal Gd4d5,Gf1e1,Gf4h6] with good
compensation.}) 20... Nc6 21. Kh1 $2 {This move is decisive mistake.} (21. Nxd5
Nxd4 $1 {[%cal Gd4e2]} 22. Nxb6 Nxe2+ 23. Kf2 Bc5+ 24. Be3 Bxb6 25. Bxb6 Nc3
$15) 21... Nxd4 22. Qe3 Bc5 $19 23. Bg7 Nf5 24. Qg5 h6 25. Nxd5 (25. Qg4 Rg8
26. Rae1 O-O-O $19) 25... hxg5 $1 {[%cal Gh8h3] Finishing the game in the
style!} 26. Nxb6 Rxh5 27. Nxa8 Rxh3+ 28. Kg2 Rxg3+ 29. Kh2 Bd6 0-1

[Event "CRO-ch"]
[Site "Pula"]
[Date "2000.01.17"]
[Round "11"]
[White "Feletar, Darko"]
[Black "Kovacevic, Blazimir"]
[Result "1-0"]
[WhiteElo "2410"]
[BlackElo "2438"]
[Annotator "Finkel,A"]
[PlyCount "51"]
[EventDate "2000.01.07"]
[EventType "tourn"]
[EventRounds "13"]
[EventCountry "CRO"]
[EventCategory "8"]
[SourceTitle "CBM 075"]
[Source "ChessBase"]
[SourceDate "2000.04.05"]
[SourceVersion "1"]
[SourceVersionDate "2000.04.05"]
[SourceQuality "1"]

1. e4 e6 2. d4 d5 3. Nc3 Nf6 4. e5 Nfd7 5. f4 c5 6. Nf3 Nc6 7. Be3 a6 8. Qd2 b5
9. dxc5 Bxc5 10. Bxc5 Nxc5 11. Qf2 Qb6 12. b4 $5 {Interesting continuation,
however promising white very little.} (12. Bd3 b4 (12... Rb8 13. O-O Nb4 14.
Rfd1 Na4 15. Nxa4 bxa4 16. b3 axb3 17. axb3 O-O 18. Qxb6 $14 {Kuczynski,
R-Dolmatov,S/Rubinstein mem 1991}) 13. Ne2 f6 (13... a5 14. O-O Ba6 15. Kh1 Ne7
16. Rad1 (16. b3 h6 17. Rad1 O-O 18. g4 Rfb8 19. Nfd4 Ne4 20. Qe3 Nc6 21. Rg1
$36 {Skripchenko,A-Piskov,Y/Recklinghaus 1996}) (16. Ng3 Na4 17. Qxb6 Nxb6 18.
Bxa6 Rxa6 19. Nd4 g6 20. a3 bxa3 21. b3 $14 {Brustman,A-Bobrowska,M/POL-chT
1997}) 16... Na4 17. Qxb6 Nxb6 18. b3 Nd7 19. Kg1 Nc5 20. Kf2 $6 Ne4+ 21. Ke1
Nf5 $36 {Riemersma,L-Glek,I/Bussum op 1995}) 14. O-O O-O 15. Qe3 Bd7 16. Kh1
Rf7 17. Rae1 Raf8 18. exf6 Rxf6 19. Ng5 $14 {Iwaniuk,D-Zielinska,M/POL-chW 1996
}) 12... Nxb4 {This move is more logical than} (12... Nd7 $5 13. a4 Nxb4 14.
axb5 Qxf2+ 15. Kxf2 Nxc2 16. Ra5 O-O 17. Bd3 $14 {that was tried in Sherzer,
A-Glek,I/Budapest FS04 GM 1998}) 13. Rb1 Nc6 {Possible reply,but the crucial
position arises after} (13... d4 $5 {and I don't see how white manages to get
an advantage.} 14. Nxb5 $5 (14. Nxd4 $6 Qa5 $1 {[%cal Ga5e1]} 15. Ndxb5 $2 Ne4
$1 {[%cal Ge4c3,Ge4f2]} 16. Qf3 {[%cal Gf3a8]} (16. Nxe4 Nd3+ 17. Ke2 Nxf2 $19)
16... Nd5 $1 {[%csl Rc3]} 17. Qxe4 axb5 18. Rb3 Nxc3 19. Qc6+ {[%cal Gc6e8,
Gc6c3]} Bd7 20. Qxc3 Qxc3+ 21. Rxc3 Rxa2 22. Rg1 $11) 14... Ne4 (14... axb5 15.
Rxb4 Bd7 16. Nxd4 (16. Qxd4 Rxa2 $36) 16... Rxa2 17. Nb3 $1 (17. Bxb5 $6 O-O
18. O-O Nd3 $1 $15 {[%cal Gd3b4,Gd3f2,Ga2f2,Gb6b4]}) 17... Na4 (17... Rb2 18.
Qd4 Rb1+ 19. Ke2 $18 {[%cal Gd4b6]}) 18. Qxb6 Nxb6 19. Bxb5 Rxc2 $11) 15. Qe2
Nc3 16. Nxc3 dxc3 17. Rb3 Qa5 $13) 14. Bxb5 Bd7 ({Deserves attention} 14... O-O
$5 15. O-O (15. Ba4 Qa5 16. Bxc6 Qxc3+ 17. Qd2 Qxd2+ 18. Kxd2 Ra7 $11) 15...
Bd7 16. f5 (16. Bxc6 Qxc6 17. Nd4 Qc7 $13) 16... exf5 17. Nxd5 Qa7 $132 {
with unclear position,but the move in the game also has the right to exist.})
15. O-O Qa7 $6 (15... O-O) 16. Bxc6 Bxc6 17. Nd4 $14 {Now white has slightly
better prospects.} Rc8 $5 (17... Qc7 $5) (17... Bd7 $6 18. f5 exf5 19. Nxd5 $36
) 18. f5 exf5 $8 (18... O-O 19. f6 gxf6 20. exf6 (20. Qxf6 Nd7) 20... Kh8 21.
Nf3 Be8 22. Rb4 $1 $40 {[%csl Rh8][%cal Gb4h4]}) 19. Nxf5 O-O 20. Rb4 $1 {
[%cal Gf5g7,Gb4g4,Gf2a7] Bringing the rook to the attack.} (20. Qd4 $5 Rc7)
20... f6 (20... g6 $2 21. Nh6+ Kg7 22. Qf6+ Kxh6 23. Rh4#) 21. Rg4 $6 (21. e6
$1) 21... g6 $2 {Choosing to lose the game instead of keeping on play!After
natural} (21... Rc7 $1 {black easily holds the position.} 22. exf6 (22. Nd4 $5
Bd7 23. Rg3 (23. Rf4 Ne6 $1 24. Nxe6 Qxf2+ 25. R1xf2 Bxe6 $15) 23... Ne6 (23...
Kh8) 24. Nxe6 Qxf2+ 25. Rxf2 Bxe6 26. exf6 d4 27. Ne2 Rxc2 28. Rxg7+ Kh8 29.
Re7 Bc4 $11) (22. Ne3 Ne6 23. Nexd5 fxe5 $1 24. Qxa7 Rxa7 $11) 22... Rxf6 23.
Rf4 Ne6 24. Qxa7 Rxa7 $11) 22. exf6 $18 Rc7 23. f7+ $1 {Now it's over.} Rfxf7 (
23... Kh8 24. Qd4#) 24. Nh6+ Kf8 25. Nxf7 Rxf7 26. Rf4 1-0

[Event "FIDE-Wch k.o."]
[Site "Moscow"]
[Date "2001.11.30"]
[Round "2.4"]
[White "Macieja, Bartlomiej"]
[Black "Ivanchuk, Vassily"]
[Result "0-1"]
[WhiteElo "2582"]
[BlackElo "2731"]
[Annotator "Finkel,A"]
[PlyCount "54"]
[EventDate "2001.11.27"]
[EventType "k.o."]
[EventRounds "7"]
[EventCountry "RUS"]
[SourceTitle "CBM 086"]
[Source "ChessBase"]
[SourceDate "2002.02.05"]
[SourceVersion "1"]
[SourceVersionDate "2002.02.05"]
[SourceQuality "1"]

1. e4 e6 2. d4 d5 3. Nc3 Nf6 4. e5 Nfd7 5. Nce2 c5 6. f4 Nc6 7. c3 Be7 8. Nf3
O-O 9. a3 (9. g3 f5 10. Bg2 cxd4 11. Nfxd4 Nc5 12. Be3 Ne4 13. O-O Na5 14. a4
$14 {Vasiukov,E-Vifian,U/Leningrad 1991}) 9... a5 (9... c4 10. Ng3 Nb6 11. h4
Bd7 12. b4 cxb3 13. Bd3 Qc8 14. Bxh7+ Kxh7 15. Ng5+ Kg8 16. Qh5 Bxg5 17. hxg5 {
1-0 Skaperdas,K-Hatzileonidas,P/Korinthos 2000/EXT 2001 (17)}) 10. h4 (10. Ng3
f5 (10... cxd4 11. cxd4 f6 12. Bd3 fxe5 13. dxe5 Nc5 14. Bb1 b6 15. h4 Qe8 $13
{Klimov,S-Volkov,S/St Petersburg 1998/CBM 67}) 11. Bd3 cxd4 12. cxd4 Nb6 13.
Ne2 a4 14. O-O Na5 15. Kh1 Bd7 $13 {Lanka,Z-Lupu,M/Calimanesti 1992/EXT 98})
10... f6 11. Neg1 $5 {It's hard to say where the knight is better placed, but
a move in the game looks too slow.} (11. Ng3 b6 12. Bd3 Ba6 13. Bxh7+ Kxh7 14.
Ng5+ Kg8 15. Nxe6 Qe8 16. Qg4 Qf7 $17 {Berkvens,J-Hummel,E/Hoogeveen 2000/CBM
78}) 11... cxd4 12. cxd4 Qb6 13. Bd3 {Permitting black to sacrifice on e5
which leads to extremly unclear position.} (13. Nh3 $5) 13... fxe5 14. fxe5
Ndxe5 $5 15. dxe5 Nxe5 16. Bc2 (16. Bxh7+ Kxh7 17. Qc2+ Kg8 18. Nxe5 Bxh4+ $1 {
[%csl Rg1]} 19. Kd2 Qd4+ 20. Nd3 Bg5+ 21. Ke1 Bh4+ $44) (16. Be2 Ng4 17. Nh3
Bd6 $44) 16... Bd7 17. Qe2 (17. Bg5 Bc5 18. Qe2 Ng4 19. Nh3 Bb5 20. Qd2 Rac8
$44) 17... Rac8 18. Bxh7+ $2 {This move appears to be the decisive mistake,
while after logical 18.N:e5 I don't see how black gets sufficient compensation
for two sacrificed knights:} (18. Nxe5 $1 Bxh4+ (18... Bb5 19. Nd3 (19. Bd3
Bxh4+ 20. Rxh4 Qxg1+ 21. Kd2 Rf2 22. Bxh7+ Kf8 $13)) 19. Kd1 (19. Kd2 Qd4+ 20.
Bd3 Ba4 $1 $40 {[%cal Gc8c2]}) (19. Rxh4 $1 Qxg1+ 20. Kd2 Rxc2+ (20... Rf2 21.
Bxh7+ Kf8 (21... Kh8 22. Ng6#) 22. Rf4+ $1 Rxf4 23. Ng6+ Kf7 24. Nxf4 $18) 21.
Kxc2 Rf2 22. Bd2 $18) 19... Ba4 $1 20. Bxa4 Qd4+ 21. Nd3 Qxa4+ $19) 18... Kxh7
19. Qxe5 (19. Nxe5 Bb5 20. Qh5+ Kg8 21. Ngf3 Rc2 $44) 19... Bd6 20. Be3 $6 Qb3
$1 {After this strong move white is helpless.} 21. Nd2 (21. Qxd6 Qxe3+ 22. Ne2
Rc2 23. Ng5+ Kg8 $19) (21. Qh5+ Kg8 $19 {[%cal Gd6g3,Gc8c2]}) 21... Rf1+ $1 $19
{Nice tactical blow leading to quick finish.} 22. Kxf1 Qd3+ 23. Kf2 Bxe5 24.
Ngf3 Bxb2 25. Rab1 Rc2 26. Rhd1 e5 27. g3 Bg4 0-1

[Event "FIDE-Wch k.o."]
[Site "Moscow"]
[Date "2001.12.01"]
[Round "3.1"]
[White "Morozevich, Alexander"]
[Black "Gurevich, Mikhail"]
[Result "1-0"]
[WhiteElo "2742"]
[BlackElo "2605"]
[Annotator "Finkel,A"]
[PlyCount "97"]
[EventDate "2001.11.27"]
[EventType "k.o."]
[EventRounds "7"]
[EventCountry "RUS"]
[SourceTitle "CBM 086"]
[Source "ChessBase"]
[SourceDate "2002.02.05"]
[SourceVersion "1"]
[SourceVersionDate "2002.02.05"]
[SourceQuality "1"]

1. e4 e6 2. d4 d5 3. Nc3 Nf6 4. e5 Nfd7 5. Nce2 $5 {Thanks to efforts of great
Vishy Anand this variation has become dangerous weapon against french defense.}
c5 6. c3 cxd4 7. cxd4 f6 8. f4 (8. exf6 Nxf6 9. Nf3 Bd6 (9... Nc6 10. Nc3 Bd6
11. Bb5 O-O 12. O-O Qc7 13. h3 Bd7 14. Re1 Rae8 15. Be3 a6 16. Bf1 Qb8 17. a3
$14 {Lau,R-Gleizerov,E/Dresden op 1994}) 10. g3 Nc6 11. Bg2 O-O 12. O-O Qb6 13.
Rb1 Bd7 14. Bf4 $14 {Bologan,V-Glek,I/BL9293}) (8. Nf4 Bb4+ (8... fxe5 9. Qh5+
g6 10. Nxg6 Nf6 11. Qh4 Bb4+ $13) 9. Bd2 Bxd2+ 10. Qxd2 Qe7 11. exf6 Nxf6 12.
Bd3 Nc6 13. Nge2 O-O 14. O-O Bd7 15. a3 $14 {Sax,G-Glek,I/BL 9293/}) 8... fxe5
(8... Bb4+ 9. Bd2 Qe7 10. Nf3 O-O 11. h4 Nc6 12. h5 Bxd2+ 13. Qxd2 Nb6 14. b3
a5 15. h6 $14 {Fogarasi,T-Dezan,P/Budapest 1990/EXT 97}) 9. fxe5 (9. dxe5 Nc6 (
9... Qb6 10. Nc3 Nc6 11. Nf3 Bb4 12. Bd2 Nc5 13. a3 Bxc3 14. Bxc3 O-O 15. g3
Bd7 $13 {Bologan,V-Short,N/Beijing 2000/CBM 78}) (9... Bc5 10. Nf3 Nc6 11. Nc3
Qb6 12. Bd3 Be7 13. Na4 Qa5+ 14. Bd2 Nb4 15. Be2 Nc5 16. Nxc5 Qxc5 17. Rc1 $14
{Voitsekhovsky,S-Alavkin,A/Bor 2000/EXT 2001}) 10. Nf3 Bb4+ 11. Nc3 Nc5 12. Be3
Qa5 13. Qc2 O-O 14. Rc1 $2 d4 $1 $17 {Shirov,A-Ivanchuk,V/Tilburg 1993}) 9...
Qh4+ $6 {I don't like this move and black's idea in whole! Mihail Gurevich won
quiet a few games on the black side of french defense sacrificing a knight on
e5, but in this particular position I don't think that black gets sufficient
compensation for piece.} (9... Bb4+ 10. Kf2 (10. Bd2 $2 Qh4+ $17) 10... O-O+
11. Nf3 Nc6 12. a3 Ndxe5 $6 13. axb4 Qh4+ 14. Kg1 $6 (14. Ng3 $5 Nxd4 15. Be2
Nexf3 16. gxf3 e5 17. Be3 $16) 14... Nxf3+ 15. gxf3 Rxf3 16. Ng3 Nxd4 17. Bg2
$13 {Polgar,J-Hernandez,G/Merida 2000/CBM 78}) 10. Ng3 Bb4+ 11. Kf2 O-O+ 12.
Nf3 Nc6 13. Be3 Ndxe5 14. dxe5 Nxe5 15. Kg1 Qf6 ({Not so good is} 15... Nxf3+
16. gxf3 Bd6 17. Bg2 Bd7 18. Qd4 Qe7 19. Rc1 (19. f4 $2 Rxf4 $1 {[%cal Gd6c5]})
19... Bc6 20. f4 $14 {and white gets sufficient advantage.}) 16. Qd4 $5 {
This move permits black to create serious counterplay so may be better was} (
16. Nxe5 Qxe5 17. Qd4 Qxd4 (17... Qd6 18. Rd1 Bd7 19. Ne4 $16 {[%cal Gd1d6]})
18. Bxd4 e5 19. Bf2 Be6 20. a3 Bd6 21. Rd1 $14 {with better chanses.}) 16...
Bd6 17. Be2 Bd7 18. Rc1 b6 19. a3 Nxf3+ (19... Rac8 20. Rxc8 Rxc8 21. b4 Rc1+
$5 22. Kf2 (22. Bxc1 $2 Nxf3+ $19) 22... Nd3+ $5 23. Bxd3 Bxg3+ 24. Kxg3 Rxh1
25. Qg4 $36) 20. gxf3 Be5 21. Qd2 Bxb2 22. Rc7 Rf7 23. Kg2 Bxa3 $13 {Black has
four pawns for the piece and position becomes quiet unclear.} 24. Rf1 $1 {
[%csl Gf3][%cal Ge3g5,Ge2d3]} Bd6 $2 {Mistake leading to a difficult position}
(24... Be8) 25. Bg5 $1 Bb4 $6 {I know that it's very difficult to make such a
move in the game, but it definitly deserved some attention:} (25... Qxg5 $5 26.
Qxg5 Bxc7 27. f4 a5 $132) 26. Qxb4 Qxg5 27. Qd6 $1 $16 {This strong move
emphasises how serious whit advantage is.} Rd8 (27... Qe7 28. Qxe7 Rxe7 29. Ra1
{[%csl Ra7]} (29. Bb5 Bxb5 30. Rxe7 Bxf1+ 31. Nxf1 a5 32. Rxe6 b5 33. Rb6 b4
34. Rb5 $1 $14 {[%csl Rb4]}) 29... a5 30. Rb7 $16) 28. Rxa7 Bc8 29. Qxb6 Rxa7
30. Qxa7 e5 31. Qc7 Be6 32. Rb1 $5 (32. f4 exf4 33. Rxf4 d4 34. h4 Qd5+ 35. Bf3
Qd6 $16) 32... h5 33. Rb7 Re8 (33... h4 34. Qe7 Qxe7 35. Rxe7 Rd6 36. Nh5 g6
37. Nf6+ Kf8 38. Rb7 $16) 34. h4 $1 {[%csl Rg7]} Qg6 35. Bd3 e4 $8 36. fxe4
dxe4 37. Bxe4 $18 {The rest is a matter of technique.} Qh6 38. Qc3 (38. Nxh5 $6
Qd2+ 39. Kf3 Qd1+ 40. Ke3 Qe1+ $13) 38... Bg4 39. Bf3 Bxf3+ 40. Qxf3 Qg6 41.
Qd5+ Kf8 42. Rb2 $1 {[%csl Rf8][%cal Gb2f2]} Re6 43. Qd8+ Re8 44. Rf2+ Kg8 45.
Qd5+ Kh8 46. Rf5 $1 (46. Qxh5+ Qxh5 47. Nxh5 $18) 46... Re2+ 47. Kf1 Re6 48.
Ne4 Qe8 49. Qxe6 $1 1-0

[Event "Prerov Friendship GM"]
[Site "Prerov"]
[Date "2001.12.09"]
[Round "6"]
[White "Kalod, Radek"]
[Black "Nalivajko, Evgeny"]
[Result "1-0"]
[WhiteElo "2479"]
[BlackElo "2481"]
[Annotator "Finkel,A"]
[PlyCount "79"]
[EventDate "2001.12.04"]
[EventType "tourn"]
[EventRounds "11"]
[EventCountry "CZE"]
[EventCategory "9"]
[SourceTitle "CBM 087"]
[Source "ChessBase"]
[SourceDate "2002.03.21"]
[SourceVersion "1"]
[SourceVersionDate "2002.03.21"]
[SourceQuality "1"]

1. e4 e6 2. d4 d5 3. Nc3 Nf6 4. e5 Nfd7 5. Nce2 $5 {Nowdays this move is
considered to be one of the most dangerous variations versus french defense.}
c5 6. c3 Nc6 7. f4 cxd4 8. cxd4 Bb4+ 9. Bd2 Bxd2+ (9... Qa5 10. Nf3 Nb6 (10...
Bxd2+ 11. Qxd2 Qxd2+ 12. Kxd2 Nb6 13. Nc3 a6 14. Bd3 Bd7 15. Rac1 Rc8 16. b3
O-O 17. Ne2 $14 {Acevedo,J-Grimaldi,W/San Salvador 1995/EXT 2000}) 11. Nc3 Nc4
12. Bxc4 dxc4 13. O-O Bd7 14. a3 Bxc3 15. bxc3 Qd5 $15 {Howell,J-Carlson,G/
Dallas 2000/EXT 2001}) (9... O-O 10. Nf3 f6 11. Bxb4 Nxb4 12. Qb3 Nc6 13. O-O-O
$6 Na5 14. Qc3 b5 $132 {Showalter,J-Marshall,F/USA-ch m 1909/HCL}) (9... Qb6
10. Nf3 O-O 11. Bxb4 Qxb4+ 12. Qd2 Nb6 13. Nc3 Bd7 14. Nb5 Nc4 $13 {Golubev,
M-Roth,J/Schwaebisch Gmuend 1994/EXT 97}) 10. Qxd2 O-O 11. Nf3 f6 (11... a5 12.
Nc3 f6 13. Bd3 Nb4 14. Bb5 Nb6 15. a3 Nc6 16. O-O $14 {Turner,J-Schmid,J/
CZE-chT1b 1995/EXT 97}) 12. h4 $5 {The idea behind this move is to take under
control square h4 and to prevent Qh4+ in some variations.} (12. Nc3 a6 13. a3
fxe5 14. fxe5 $5 h6 15. Bd3 Rxf3 16. gxf3 Qh4+ 17. Qf2 Qxf2+ 18. Kxf2 Nxd4 $13
{Bobb,I-Geisert,B/Ludwigshafen 1994/EXT 2001}) 12... Qe7 $6 (12... Nb6 $5 13.
Nc3 Nc4 14. Qf2 (14. Bxc4 dxc4 15. O-O b6 16. Rae1 Bb7 $132) 14... fxe5 15.
fxe5 Qb6 $1 16. b3 Qb4 17. Rc1 N4xe5 $13 {[%cal Gd5d4]}) 13. Rh3 {[%csl Rh3]}
b6 14. Nc3 Bb7 15. Bd3 $14 {White has significient advantage in space which
makes his chanses preferable in the forthcoming struggle.} Rac8 16. Rd1 a6 $6
17. Qe2 $1 f5 {Sad necessaty! After} (17... b5 18. Bxh7+ $1 Kxh7 19. Ng5+ fxg5
20. hxg5+ Kg8 (20... Kg6 21. Qh5+ Kf5 22. g6+ $18) 21. Qh5 Rf5 22. g4 $18 {
white's threats over the h-file seem to be lethal.}) 18. Bxa6 Bxa6 19. Qxa6 $16
{Now white is just a pawn up and the only thing keeping this position not
perfectly clear is awkward position of white rook on h3.} Na5 20. Qe2 Nc4 21.
Kf1 Qb4 22. Rb1 Na3 (22... Rc6 $5 {[%csl Ge6]}) (22... Nxb2 $2 23. Nd1 $18 {
[%cal Gb1b4]}) 23. Rc1 $6 ({Another possibility was} 23. bxa3 Qxc3 24. Ng5 Qc6
25. Rhb3 Rc7 26. Kg1 h6 27. Nf3 $14 {with better chanses to white.}) 23... Nb5
$1 $132 {[%cal Gc8c1]} 24. Qd2 Nxc3 25. bxc3 Qc4+ 26. Kg1 Ra8 {[%csl Ra2]} 27.
Rc2 {White has managed to protect everything and now he needs just to bring to
play a rook from h3. Meanwile black manages to create sufficient cunterplay on
the queenside.} Rfc8 28. Ng5 $5 {[%cal Gh3e3]} Nf8 29. Re3 b5 30. Nf3 {
Completing regrouping of the pieces.} Ra3 31. Kh2 b4 $2 {Throwing away the
game in one move.After} (31... Rca8 32. Re2 Rc8 $4 {black would keep the
position equal since neither side can deviate from move repitition.}) 32. cxb4
$1 $18 {Very simple and strong. Now white remains with 2 extra pawns in the
ending, which is more than enough to win the game!} Qxc2 33. Qxc2 Rxc2 34. Rxa3
h6 35. Ra7 Ng6 36. Kg3 Rb2 37. a3 Rb3 38. Ra5 Ne7 39. b5 Kf7 40. a4 1-0